|
|
|
|
| LEADER |
00000nlm0a2200000 4500 |
| 001 |
643548 |
| 005 |
20231226111055.0 |
| 029 |
1 |
0 |
|a RU
|b 2469056
|c Пат.
|d МПК C 08 L 27/18
|d МПК C 08 K 3/36
|d МПК C 08 J 5/16
|d МПК C 08 J 5/00
|
| 035 |
|
|
|a (RuTPU)RU\TPU\network\8543
|
| 035 |
|
|
|a RU\TPU\network\8541
|
| 039 |
0 |
|
|a RU
|b 2011124640/05
|c 20110616
|
| 090 |
|
|
|a 643548
|
| 100 |
|
|
|a 20150915j20121210k y0rusy50 ca
|
| 101 |
0 |
|
|a rus
|
| 102 |
|
|
|a RU
|
| 105 |
|
|
|a a k 000zy
|
| 135 |
|
|
|a drcn ---uucaa
|
| 181 |
|
0 |
|a i
|
| 182 |
|
0 |
|a b
|
| 200 |
1 |
|
|a Способ получения композиционного материала на основе политетрафторэтилена и диоксида кремния
|f А. С. Кантаев, А. Н. Дьяченко, В. М. Бузник
|g Национальный исследовательский Томский политехнический университет (ТПУ)
|
| 203 |
|
|
|a Текст
|c электронный
|
| 300 |
|
|
|a опубл. 10.12.12
|
| 330 |
|
|
|a Изобретение относится к экономически выгодному способу синтеза продукта на основе политетрафторэтилена и диоксида кремния, используемого как в качестве самостоятельного антифрикционного материала, так и в качестве антифрикционной добавки. Продукт получают путем смешения отходов политетрафторэтилена (ПТФЭ) с гексафторсиликатом аммония в газовой фазе. Газовую фазу конденсируют. Полученный сублимат обрабатывают раствором аммиака. Эмульсию отделяют от раствора и сушат. Изобретение позволяет достигнуть наивысшей степени гомогенности композиционного материала.
|
| 610 |
1 |
|
|a патенты
|
| 610 |
1 |
|
|a труды учёных ТПУ
|
| 610 |
1 |
|
|a электронный ресурс
|
| 610 |
1 |
|
|a изобретения
|
| 700 |
|
1 |
|a Кантаев
|b А. С.
|c химик-технолог
|c доцент Томского политехнического университета, кандидат наук
|f 1981-
|g Александр Сергеевич
|3 (RuTPU)RU\TPU\pers\27913
|9 12916
|
| 701 |
|
1 |
|a Дьяченко
|b А. Н.
|c химик-технолог
|c профессор Томского политехнического университета, доктор технических наук
|f 1977-
|g Александр Николаевич
|3 (RuTPU)RU\TPU\pers\27691
|
| 701 |
|
1 |
|a Бузник
|b В. М.
|c химик-технолог
|c профессор Томского политехнического университета, доктор наук
|f 1945-
|g Вячеслав Михайлович
|3 (RuTPU)RU\TPU\pers\42158
|
| 712 |
0 |
2 |
|a Национальный исследовательский Томский политехнический университет (ТПУ)
|b Физико-технический институт (ФТИ)
|b Кафедра химической технологии редких, рассеянных и радиоактивных элементов (№ 43) (ХТРЭ)
|3 (RuTPU)RU\TPU\col\18733
|
| 801 |
|
1 |
|a RU
|b 63413507
|c 20120201
|
| 801 |
|
2 |
|a RU
|b 63413507
|c 20230131
|g RCR
|
| 856 |
4 |
|
|u http://www1.fips.ru/Archive/PAT/2012FULL/2012.12.10/DOC/RUNWC1/000/000/002/469/056/document.pdf
|
| 942 |
|
|
|c CF
|